Proteccionismo y libre - cambio : colección de 15 artículos publicados en el 'Diario del Comercio' : mayo - agosto de 1931 / Antonio Bozzo colección de 15 artículos publicados en el 'Diario del Comercio' :
Descripción Física:
37 p. ; 22 cm
MARC
| LEADER | 00000nam a2200000Ia 4500 | ||
|---|---|---|---|
| 001 | 20189 | ||
| 008 | 160829s1931 xx 000 0 cat d | ||
| 080 | |a 4142, exp. 178 | ||
| 100 | |a Bozzo, Antonio |9 48331 | ||
| 245 | |a Proteccionismo y libre - cambio : |b colección de 15 artículos publicados en el 'Diario del Comercio' : |b mayo - agosto de 1931 / Antonio Bozzo | ||
| 260 | |a Barcelona : |b Imprenta, |c 1931 | ||
| 300 | |a 37 p. ; |c 22 cm | ||
| 650 | |a Proteccionisme |9 48332 | ||
| 650 | |a Lliure comerç |9 48333 | ||
| 901 | |a Arxiu | ||
| 942 | |n 1 | ||
| 952 | |0 0 |1 0 |4 0 |6 4142_EXP_178 |7 1 |9 54474 |a Arxiu |b Arxiu |d 2016-12-01 |l 0 |o 4142, exp. 178 |p 20189 |r 2016-12-01 00:00:00 |w 2016-12-01 |y ARXIU | ||
| 999 | |c 58343 |d 58343 | ||